[Event "Santa Margalida Mallorca-ch"]
[Site "Santa Margalida"]
[Date "2016.11.26"]
[Round "6"]
[White "Mateu Borrero, Miquel Angel"]
[Black "Del Canto Riudavets, Jose Manuel"]
[Result "1-0"]
[WhiteElo "1313"]
[BlackElo "1092"]
[PlyCount "37"]
[EventDate "2016.11.11"]
[EventType "swiss"]
[EventRounds "8"]
[EventCountry "ESP"]
[SourceTitle "EXT 2018"]
[Source "ChessBase"]
[SourceDate "2017.10.13"]
[SourceVersion "1"]
[SourceVersionDate "2017.10.13"]
[SourceQuality "1"]

1. e4 c5 2. Nf3 d6 3. Bb5+ Bd7 4. Bc4 e5 5. d3 h6 6. 0-0 Nf6 7. Nc3 Bc6 8. Re1 Be7 9. Nh4 Bd7 10. Nf5 Bxf5 11. exf5 Nc6 12. Ne4 Nxe4 13. Rxe4 Qc7 14. Qh5 0-0 15. Rg4 Bg5 16. Bxg5 hxg5 17. Qxg5 g6 18. Qxg6+ Kh8 19. Rh4# 1-0

[Event "Campos Migjorn op"]
[Site "Campos"]
[Date "2016.09.30"]
[Round "7"]
[White "Mateu Borrero, Miquel Angel"]
[Black "Mateu Pascual, Miguel Juan"]
[Result "1-0"]
[WhiteElo "1340"]
[BlackElo "1225"]
[PlyCount "49"]
[EventDate "2016.09.09"]
[EventType "swiss"]
[EventRounds "8"]
[EventCountry "ESP"]
[SourceTitle "EXT 2017"]
[Source "ChessBase"]
[SourceDate "2016.10.25"]
[SourceVersion "1"]
[SourceVersionDate "2016.10.25"]
[SourceQuality "1"]

1. e4 e5 2. Nf3 Nc6 3. Bc4 h6 4. 0-0 Nf6 5. Nc3 Bc5 6. d3 0-0 7. Bd2 d6 8. Qc1 Nd4 9. Nxd4 exd4 10. Nd5 Be6 11. b4 Bb6 12. a4 c6 13. Nxf6+ Qxf6 14. Bxe6 Qxe6 15. a5 Bc7 16. a6 b5 17. Qb2 Qe5 18. Qc1 g5 19. f4 Qg7 20. fxg5 hxg5 21. Bxg5 Qh7 22. Bh6 d5 23. Qg5+ Qg6 24. Qxg6+ fxg6 25. Bxf8 1-0